[Event "Greek Team Championship"]
[Site "chess24.com"]
[Date "2017.07.03"]
[Round "1"]
[White "Koutsidi, Amalia"]
[Black "Tsouli, Rafailia"]
[Result "1-0"]
[Board "6"]
[WhiteElo "1772"]
[WhiteCountry "GRE"]
[WhiteFideId "4244710"]
[WhiteEloChange "2"]
[BlackElo "1353"]
[BlackCountry "GRE"]
[BlackFideId "25815296"]
[BlackEloChange "-2"]

1. e4 {[%clk 1:30:57]} e5 {[%clk 1:30:49]} 2. Nf3 {[%clk 1:31:22]} Nc6 {[%clk
1:31:08]} 3. d4 {[%clk 1:31:46]} exd4 {[%clk 1:30:32]} 4. Bc4 {[%clk 1:32:04]}
Bc5 {[%clk 1:28:58]} 5. c3 {[%clk 1:31:39]} Nf6 {[%clk 1:22:51]} 6. e5 {[%clk
1:29:25]} d5 {[%clk 1:15:56]} 7. Bb5 {[%clk 1:11:38]} Ne4 {[%clk 0:57:10]} 8.
Nxd4 {[%clk 1:03:28]} O-O {[%clk 0:32:26]} 9. Bxc6 {[%clk 0:58:57]} bxc6 {[%clk
0:32:21]} 10. O-O {[%clk 0:46:13]} Bd7 {[%clk 0:26:23]} 11. Nd2 {[%clk 0:44:10]}
Ng5 {[%clk 0:23:17]} 12. f4 {[%clk 0:34:51]} Ne6 {[%clk 0:21:13]} 13. Nb3 {[%clk
0:34:24]} Bb6 {[%clk 0:19:54]} 14. f5 {[%clk 0:28:33]} Nc5 {[%clk 0:10:28]} 15.
f6 {[%clk 0:20:08]} g6 {[%clk 0:08:44]} 16. Qd2 {[%clk 0:19:08]} Ne6 {[%clk
0:02:33]} 17. Qh6 {[%clk 0:18:04]} 1-0

[Event "Greek Team Championship"]
[Site "chess24.com"]
[Date "2017.07.03"]
[Round "1"]
[White "Patriki, Alexandra"]
[Black "Kyriazi, Smaragda"]
[Result "1-0"]
[Board "7"]
[WhiteElo "1202"]
[WhiteCountry "GRE"]
[WhiteFideId "25824490"]
[WhiteEloChange "13"]
[BlackElo "1304"]
[BlackCountry "GRE"]
[BlackFideId "4290364"]
[BlackEloChange "-13"]

1. e4 {[%clk 1:30:57]} e6 {[%clk 1:30:55]} 2. d4 {[%clk 1:31:22]} d5 {[%clk
1:31:20]} 3. Nd2 {[%clk 1:31:46]} Nf6 {[%clk 1:31:34]} 4. e5 {[%clk 1:31:58]}
Nfd7 {[%clk 1:31:49]} 5. f4 {[%clk 1:32:07]} c5 {[%clk 1:31:28]} 6. c3 {[%clk
1:32:14]} Nc6 {[%clk 1:30:47]} 7. Ndf3 {[%clk 1:31:38]} Qb6 {[%clk 1:29:27]} 8.
g3 {[%clk 1:28:55]} cxd4 {[%clk 1:28:01]} 9. cxd4 {[%clk 1:28:49]} Bb4+ {[%clk
1:27:11]} 10. Kf2 {[%clk 1:27:08]} f6 {[%clk 1:21:45]} 11. Kg2 {[%clk 1:22:26]}
O-O {[%clk 1:18:08]} 12. Bd3 {[%clk 1:19:52]} Be7 {[%clk 1:12:15]} 13. Ne2 {[%clk
1:13:22]} fxe5 {[%clk 1:09:44]} 14. fxe5 {[%clk 1:09:48]} Nb4 {[%clk 1:03:40]}
15. Bb1 {[%clk 1:07:05]} Qa6 {[%clk 0:58:49]} 16. a3 {[%clk 1:01:36]} Nb6 {[%clk
0:50:26]} 17. axb4 {[%clk 0:50:26]} Qxa1 {[%clk 0:49:07]} 18. Bg5 {[%clk
0:49:59]} Qxb2 {[%clk 0:46:37]} 19. Bxe7 {[%clk 0:49:48]} Nc4 {[%clk 0:44:34]}
20. Qd3 {[%clk 0:47:42]} Re8 {[%clk 0:35:02]} 21. Kf2 {[%clk 0:14:46]} g6 {[%clk
0:29:27]} 22. Bf6 {[%clk 0:12:27]} Qa3 {[%clk 0:20:33]} 23. Nc3 {[%clk 0:10:11]}
Nb2 {[%clk 0:17:34]} 24. Qb5 {[%clk 0:08:09]} Rf8 {[%clk 0:15:59]} 25. Nxd5
{[%clk 0:04:03]} exd5 {[%clk 0:09:12]} 26. Qxd5+ {[%clk 0:03:54]} Rf7 {[%clk
0:09:32]} 27. Ng5 {[%clk 0:02:45]} Nd3+ {[%clk 0:04:22]} 28. Bxd3 {[%clk
0:02:32]} Qa2+ {[%clk 0:04:38]} 29. Qxa2 {[%clk 0:02:43]} 1-0

[Event "Greek Team Championship"]
[Site "chess24.com"]
[Date "2017.07.03"]
[Round "1"]
[White "Karousos-Theodorakis, Nikolaos"]
[Black "Hatzis-Bakratsas, Alexandros"]
[Result "1/2-1/2"]
[Board "8"]
[WhiteElo "2153"]
[WhiteCountry "GRE"]
[WhiteFideId "4275829"]
[WhiteEloChange "-5"]
[BlackElo "1951"]
[BlackCountry "GRE"]
[BlackFideId "4263375"]
[BlackEloChange "5"]

1. c4 {[%clk 1:30:57]} c5 {[%clk 1:30:56]} 2. g3 {[%clk 1:31:20]} Nc6 {[%clk
1:31:19]} 3. Bg2 {[%clk 1:31:46]} g6 {[%clk 1:31:44]} 4. Nc3 {[%clk 1:32:05]} Bg7
{[%clk 1:32:08]} 5. d3 {[%clk 1:32:31]} e6 {[%clk 1:32:31]} 6. e4 {[%clk
1:31:50]} Nge7 {[%clk 1:32:32]} 7. Nge2 {[%clk 1:32:15]} O-O {[%clk 1:32:12]} 8.
O-O {[%clk 1:32:01]} d6 {[%clk 1:25:54]} 9. Be3 {[%clk 1:28:24]} Nd4 {[%clk
1:20:59]} 10. Qd2 {[%clk 1:25:49]} Re8 {[%clk 1:20:32]} 11. Rab1 {[%clk 1:23:50]}
Rb8 {[%clk 1:20:04]} 12. Bh6 {[%clk 1:17:12]} Bh8 {[%clk 1:20:28]} 13. b4 {[%clk
1:15:21]} Nec6 {[%clk 1:15:57]} 14. a3 {[%clk 1:07:01]} b5 {[%clk 1:06:40]} 15.
bxc5 {[%clk 0:57:32]} Nxe2+ {[%clk 1:01:44]} 16. Nxe2 {[%clk 0:57:56]} bxc4
{[%clk 1:01:56]} 17. Rxb8 {[%clk 0:52:37]} Nxb8 {[%clk 1:02:17]} 18. cxd6 {[%clk
0:48:44]} Qxd6 {[%clk 1:02:27]} 19. dxc4 {[%clk 0:46:39]} Qxa3 {[%clk 1:02:44]}
20. Bf4 {[%clk 0:45:55]} Nc6 {[%clk 0:54:07]} 21. Bd6 {[%clk 0:38:32]} Rd8 {[%clk
0:54:16]} 22. Rd1 {[%clk 0:38:41]} Qb3 {[%clk 0:54:29]} 23. c5 {[%clk 0:37:16]}
a5 {[%clk 0:42:27]} 24. f4 {[%clk 0:33:40]} e5 {[%clk 0:41:37]} 25. Nc1 {[%clk
0:27:16]} Qb5 {[%clk 0:40:55]} 26. Nd3 {[%clk 0:26:17]} Bg4 {[%clk 0:35:41]} 27.
Re1 {[%clk 0:24:56]} a4 {[%clk 0:35:59]} 28. f5 {[%clk 0:23:34]} Nd4 {[%clk
0:36:25]} 29. Qg5 {[%clk 0:19:22]} Re8 {[%clk 0:36:47]} 30. Qxg4 {[%clk 0:18:44]}
Qxd3 {[%clk 0:37:07]} 31. fxg6 {[%clk 0:18:43]} hxg6 {[%clk 0:36:43]} 32. Qd7
{[%clk 0:17:51]} Qb5 {[%clk 0:36:10]} 33. Qxb5 {[%clk 0:16:32]} Nxb5 {[%clk
0:36:34]} 34. Bh3 {[%clk 0:13:26]} Nxd6 {[%clk 0:13:35]} 35. cxd6 {[%clk
0:13:55]} Ra8 {[%clk 0:13:58]} 36. d7 {[%clk 0:13:09]} Bf6 {[%clk 0:14:15]} 37.
Rc1 {[%clk 0:11:33]} Rd8 {[%clk 0:14:36]} 38. Ra1 {[%clk 0:10:46]} Ra8 {[%clk
0:14:57]} 39. Rd1 {[%clk 0:10:22]} a3 {[%clk 0:15:16]} 40. Rc1 {[%clk 0:40:27]}
1/2-1/2

[Event "Greek Team Championship"]
[Site "chess24.com"]
[Date "2017.07.03"]
[Round "1"]
[White "Papadopoulos, Spyridonas"]
[Black "Abelakiotis, Stavros"]
[Result "0-1"]
[Board "9"]
[WhiteElo "1365"]
[WhiteCountry "GRE"]
[WhiteFideId "25846469"]
[WhiteEloChange "-2"]
[BlackElo "1861"]
[BlackCountry "GRE"]
[BlackFideId "4292650"]
[BlackEloChange "2"]

1. e4 {[%clk 1:30:57]} c5 {[%clk 1:30:51]} 2. Nf3 {[%clk 1:31:18]} e6 {[%clk
1:31:13]} 3. c3 {[%clk 1:29:13]} Nf6 {[%clk 1:31:22]} 4. e5 {[%clk 1:29:31]} Nd5
{[%clk 1:31:44]} 5. d4 {[%clk 1:29:36]} cxd4 {[%clk 1:31:57]} 6. cxd4 {[%clk
1:29:59]} d6 {[%clk 1:30:47]} 7. Bb5+ {[%clk 1:30:12]} Bd7 {[%clk 1:27:36]} 8.
Bxd7+ {[%clk 1:30:22]} Qxd7 {[%clk 1:23:12]} 9. O-O {[%clk 1:29:01]} Nc6 {[%clk
1:22:37]} 10. b3 {[%clk 1:23:00]} Be7 {[%clk 1:19:04]} 11. Ba3 {[%clk 1:15:03]}
O-O {[%clk 1:16:01]} 12. Qd2 {[%clk 1:11:49]} Rfd8 {[%clk 1:15:15]} 13. Rd1
{[%clk 1:07:35]} Rac8 {[%clk 1:12:11]} 14. exd6 {[%clk 0:55:47]} Bxd6 {[%clk
1:12:29]} 15. Bxd6 {[%clk 0:56:06]} Qxd6 {[%clk 1:12:49]} 16. Nc3 {[%clk
0:53:41]} Nxc3 {[%clk 0:53:37]} 17. Qxc3 {[%clk 0:52:04]} Nb4 {[%clk 0:40:13]}
18. Qb2 {[%clk 0:49:05]} Rc2 {[%clk 0:37:21]} 19. Qa3 {[%clk 0:45:06]} Qb6 {[%clk
0:33:00]} 20. Qa4 {[%clk 0:36:33]} Nd5 {[%clk 0:29:57]} 21. Rdc1 {[%clk 0:29:12]}
Nc3 {[%clk 0:26:53]} 22. Rxc2 {[%clk 0:19:50]} Nxa4 {[%clk 0:27:15]} 23. bxa4
{[%clk 0:20:13]} h6 {[%clk 0:26:05]} 24. Rac1 {[%clk 0:20:31]} Rd6 {[%clk
0:22:17]} 25. Rc8+ {[%clk 0:13:37]} Kh7 {[%clk 0:22:20]} 26. Rd1 {[%clk 0:12:36]}
Rc6 {[%clk 0:20:33]} 27. Rf8 {[%clk 0:11:53]} Qc7 {[%clk 0:20:14]} 28. h3 {[%clk
0:10:47]} Rc1 {[%clk 0:19:01]} 29. Rxc1 {[%clk 0:10:09]} Qxc1+ {[%clk 0:19:23]}
30. Kh2 {[%clk 0:10:30]} Qc7+ {[%clk 0:19:02]} 31. g3 {[%clk 0:08:30]} f6 {[%clk
0:20:47]} 32. h4 {[%clk 0:08:21]} Qd7 {[%clk 0:20:29]} 33. h5 {[%clk 0:07:49]}
Qd5 {[%clk 0:20:38]} 34. Kg2 {[%clk 0:06:10]} Qxh5 {[%clk 0:20:59]} 35. Ra8
{[%clk 0:05:17]} a6 {[%clk 0:21:05]} 36. Rd8 {[%clk 0:04:43]} Qa5 {[%clk
0:19:59]} 37. Kh3 {[%clk 0:03:59]} Qxd8 {[%clk 0:20:22]} 0-1

[Event "Greek Team Championship"]
[Site "chess24.com"]
[Date "2017.07.03"]
[Round "1"]
[White "Magoulas, Dionysios"]
[Black "Karamitanis, Lazaros"]
[Result "1/2-1/2"]
[Board "10"]
[WhiteElo "1161"]
[WhiteCountry "GRE"]
[WhiteFideId "25805878"]
[WhiteEloChange "-2"]
[BlackElo "1087"]
[BlackCountry "GRE"]
[BlackFideId "25814770"]
[BlackEloChange "2"]

1. d4 {[%clk 1:30:56]} Nf6 {[%clk 1:30:54]} 2. c4 {[%clk 1:31:11]} g6 {[%clk
1:31:15]} 3. Nc3 {[%clk 1:31:17]} Bg7 {[%clk 1:31:32]} 4. e4 {[%clk 1:31:03]} d6
{[%clk 1:31:52]} 5. Be2 {[%clk 1:30:15]} O-O {[%clk 1:31:52]} 6. Bg5 {[%clk
1:29:19]} e5 {[%clk 1:29:00]} 7. d5 {[%clk 1:28:50]} Nbd7 {[%clk 1:28:46]} 8. Nf3
{[%clk 1:27:56]} Nc5 {[%clk 1:28:31]} 9. Qc2 {[%clk 1:23:38]} h6 {[%clk 1:18:16]}
10. Be3 {[%clk 1:21:40]} Ncd7 {[%clk 0:54:14]} 11. O-O {[%clk 1:18:06]} g5 {[%clk
0:42:37]} 12. Nd2 {[%clk 0:54:38]} Re8 {[%clk 0:41:10]} 13. b4 {[%clk 0:45:35]}
Nf8 {[%clk 0:35:02]} 14. h3 {[%clk 0:42:48]} Bd7 {[%clk 0:32:45]} 15. c5 {[%clk
0:40:58]} a6 {[%clk 0:29:07]} 16. Nb3 {[%clk 0:34:58]} Qc8 {[%clk 0:22:55]} 17.
Kh2 {[%clk 0:33:50]} g4 {[%clk 0:19:32]} 18. h4 {[%clk 0:27:25]} g3+ {[%clk
0:17:33]} 19. fxg3 {[%clk 0:26:53]} Ng4+ {[%clk 0:17:22]} 20. Bxg4 {[%clk
0:27:12]} Bxg4 {[%clk 0:17:39]} 21. Qd2 {[%clk 0:24:07]} h5 {[%clk 0:16:48]} 22.
Bh6 {[%clk 0:22:43]} Bxh6 {[%clk 0:17:07]} 23. Qxh6 {[%clk 0:23:05]} Ng6 {[%clk
0:17:13]} 24. Qg5 {[%clk 0:19:55]} Qd8 {[%clk 0:16:59]} 25. Qxd8 {[%clk 0:19:09]}
Raxd8 {[%clk 0:17:06]} 26. Na5 {[%clk 0:18:20]} b6 {[%clk 0:15:30]} 27. cxb6
{[%clk 0:17:33]} cxb6 {[%clk 0:15:01]} 28. Nb3 {[%clk 0:16:25]} Rc8 {[%clk
0:12:53]} 29. Rac1 {[%clk 0:16:06]} Rc4 {[%clk 0:12:53]} 30. a3 {[%clk 0:16:06]}
Kg7 {[%clk 0:12:53]} 31. Rfe1 {[%clk 0:16:06]} f5 {[%clk 0:12:53]} 32. exf5
{[%clk 0:16:06]} Bxf5 {[%clk 0:12:53]} 1/2-1/2

[Event "Greek Team Championship"]
[Site "chess24.com"]
[Date "2017.07.03"]
[Round "1"]
[White "Sadzikowski, Daniel"]
[Black "Czarnota, Pawel"]
[Result "1/2-1/2"]
[Board "1"]
[WhiteElo "2559"]
[WhiteTitle "IM"]
[WhiteCountry "POL"]
[WhiteFideId "1132253"]
[BlackElo "2557"]
[BlackTitle "GM"]
[BlackCountry "POL"]
[BlackFideId "1121219"]

1. e4 {[%clk 1:30:55]} c5 {[%clk 1:30:52]} 2. Nf3 {[%clk 1:31:20]} d6 {[%clk
1:31:18]} 3. d4 {[%clk 1:31:04]} cxd4 {[%clk 1:31:42]} 4. Nxd4 {[%clk 1:31:29]}
Nf6 {[%clk 1:32:06]} 5. Nc3 {[%clk 1:31:55]} Nc6 {[%clk 1:32:32]} 6. Bg5 {[%clk
1:32:20]} e6 {[%clk 1:32:59]} 7. Qd2 {[%clk 1:32:39]} a6 {[%clk 1:33:26]} 8.
O-O-O {[%clk 1:32:59]} Bd7 {[%clk 1:33:52]} 9. f4 {[%clk 1:33:04]} b5 {[%clk
1:34:16]} 10. Bxf6 {[%clk 1:33:06]} gxf6 {[%clk 1:34:40]} 11. Kb1 {[%clk
1:32:56]} b4 {[%clk 1:35:01]} 12. Nce2 {[%clk 1:33:08]} Qb6 {[%clk 1:35:26]} 13.
Nxc6 {[%clk 1:32:21]} Bxc6 {[%clk 1:35:52]} 14. f5 {[%clk 1:32:38]} e5 {[%clk
1:36:17]} 15. Ng3 {[%clk 1:33:00]} h5 {[%clk 1:36:41]} 16. h4 {[%clk 1:33:27]}
Qc5 {[%clk 1:36:37]} 17. Qe2 {[%clk 1:32:51]} Ke7 {[%clk 1:36:14]} 18. Nxh5
{[%clk 1:32:58]} Bb5 {[%clk 1:36:30]} 19. Qg4 {[%clk 1:33:17]} Bh6 {[%clk
1:36:52]} 20. Bd3 {[%clk 1:33:10]} Rhg8 {[%clk 1:30:34]} 21. Qf3 {[%clk 1:31:22]}
Rac8 {[%clk 1:18:00]} 22. g3 {[%clk 1:29:05]} Qe3 {[%clk 1:12:17]} 23. Qg2 {[%clk
1:09:40]} Rg4 {[%clk 1:05:26]} 24. Rhe1 {[%clk 0:51:53]} Qc5 {[%clk 1:04:03]} 25.
Qe2 {[%clk 0:35:54]} Bxd3 {[%clk 1:01:06]} 26. Qxd3 {[%clk 0:36:21]} a5 {[%clk
1:00:38]} 27. b3 {[%clk 0:26:21]} Rc6 {[%clk 0:58:27]} 28. Qe2 {[%clk 0:24:53]}
a4 {[%clk 0:52:00]} 29. bxa4 {[%clk 0:20:17]} Rg8 {[%clk 0:46:12]} 30. Rd5 {[%clk
0:16:08]} Qc3 {[%clk 0:46:28]} 31. Rd3 {[%clk 0:15:21]} Qc5 {[%clk 0:43:41]} 32.
Rd5 {[%clk 0:14:55]} Qc3 {[%clk 0:41:35]} 33. Rd3 {[%clk 0:15:15]} Qc5 {[%clk
0:38:22]} 1/2-1/2

[Event "Greek Team Championship"]
[Site "chess24.com"]
[Date "2017.07.03"]
[Round "1"]
[White "Santagati, Alessandro"]
[Black "Barski, Radoslaw"]
[Result "1/2-1/2"]
[Board "2"]
[WhiteElo "2315"]
[WhiteTitle "FM"]
[WhiteCountry "ITA"]
[WhiteFideId "814644"]
[WhiteEloChange "3"]
[BlackElo "2411"]
[BlackCountry "POL"]
[BlackFideId "1131710"]
[BlackEloChange "-1"]

1. e4 {[%clk 1:30:52]} c5 {[%clk 1:30:54]} 2. c3 {[%clk 1:31:06]} Nf6 {[%clk
1:31:20]} 3. e5 {[%clk 1:31:09]} Nd5 {[%clk 1:31:44]} 4. d4 {[%clk 1:31:04]} cxd4
{[%clk 1:32:08]} 5. Nf3 {[%clk 1:31:17]} e6 {[%clk 1:32:28]} 6. cxd4 {[%clk
1:30:55]} d6 {[%clk 1:32:52]} 7. Nc3 {[%clk 1:30:37]} Nxc3 {[%clk 1:33:15]} 8.
bxc3 {[%clk 1:31:00]} Qc7 {[%clk 1:33:36]} 9. Bd2 {[%clk 1:30:09]} Nd7 {[%clk
1:34:01]} 10. exd6 {[%clk 1:27:52]} Bxd6 {[%clk 1:34:20]} 11. Bd3 {[%clk
1:28:13]} b6 {[%clk 1:33:09]} 12. O-O {[%clk 1:25:23]} Bb7 {[%clk 1:32:53]} 13.
Re1 {[%clk 1:20:02]} O-O {[%clk 1:28:16]} 14. h3 {[%clk 1:20:13]} Rfe8 {[%clk
1:18:24]} 15. Qc2 {[%clk 1:11:37]} Bxf3 {[%clk 1:08:04]} 16. gxf3 {[%clk
1:09:02]} g6 {[%clk 1:07:07]} 17. Bb5 {[%clk 0:59:43]} a6 {[%clk 0:59:33]} 18.
Ba4 {[%clk 0:57:07]} b5 {[%clk 0:56:03]} 19. Bb3 {[%clk 0:57:27]} Nf6 {[%clk
0:46:24]} 20. a4 {[%clk 0:54:02]} Bf4 {[%clk 0:42:03]} 21. Qd3 {[%clk 0:47:55]}
Nh5 {[%clk 0:37:47]} 22. Re4 {[%clk 0:41:31]} Rad8 {[%clk 0:22:27]} 23. Be1
{[%clk 0:35:34]} Qe7 {[%clk 0:17:13]} 24. axb5 {[%clk 0:32:14]} Qg5+ {[%clk
0:16:22]} 25. Kf1 {[%clk 0:26:53]} axb5 {[%clk 0:15:51]} 26. Ra5 {[%clk 0:23:46]}
Rb8 {[%clk 0:13:58]} 27. d5 {[%clk 0:22:25]} f5 {[%clk 0:12:05]} 28. Rxe6 {[%clk
0:19:16]} Bc1 {[%clk 0:08:14]} 29. d6 {[%clk 0:18:38]} Rxe6 {[%clk 0:04:56]} 30.
Bxe6+ {[%clk 0:19:03]} Kg7 {[%clk 0:05:24]} 31. Qd4+ {[%clk 0:14:56]} Kh6 {[%clk
0:05:49]} 32. h4 {[%clk 0:13:59]} Qd8 {[%clk 0:06:01]} 33. Bd2+ {[%clk 0:13:53]}
Bxd2 {[%clk 0:05:31]} 34. Qxd2+ {[%clk 0:14:17]} f4 {[%clk 0:05:57]} 35. Ra6
{[%clk 0:10:33]} Qxh4 {[%clk 0:06:18]} 36. d7 {[%clk 0:10:36]} b4 {[%clk
0:05:12]} 37. cxb4 {[%clk 0:09:40]} Qh1+ {[%clk 0:02:23]} 38. Ke2 {[%clk
0:10:04]} Qg2 {[%clk 0:02:49]} 39. d8Q {[%clk 0:06:47]} Ng3+ {[%clk 0:03:15]} 40.
Kd1 {[%clk 0:37:01]} Rxd8 {[%clk 0:30:32]} 41. Qxd8 {[%clk 0:37:01]} Qf1+ {[%clk
0:29:25]} 42. Kc2 {[%clk 0:36:58]} Qxa6 {[%clk 0:29:44]} 43. Qf8+ {[%clk
0:34:00]} Kg5 {[%clk 0:26:35]} 44. Qe7+ {[%clk 0:33:41]} Kh6 {[%clk 0:26:53]} 45.
Qf8+ {[%clk 0:31:12]} 1/2-1/2

[Event "Greek Team Championship"]
[Site "chess24.com"]
[Date "2017.07.03"]
[Round "1"]
[White "Papadimitrakis, Georgios"]
[Black "Sandalakis, Nikolaos"]
[Result "0-1"]
[Board "3"]
[WhiteElo "1358"]
[WhiteCountry "GRE"]
[WhiteFideId "4286065"]
[WhiteEloChange "-2"]
[BlackElo "2229"]
[BlackCountry "GRE"]
[BlackFideId "4222890"]
[BlackEloChange "2"]

1. e4 {[%clk 1:30:57]} e5 {[%clk 1:30:28]} 2. Nf3 {[%clk 1:31:20]} Nc6 {[%clk
1:30:53]} 3. d4 {[%clk 1:31:45]} exd4 {[%clk 1:31:10]} 4. Bc4 {[%clk 1:32:08]}
Nf6 {[%clk 1:31:33]} 5. Nxd4 {[%clk 1:14:41]} Nxe4 {[%clk 1:21:39]} 6. O-O {[%clk
1:10:17]} d5 {[%clk 1:01:27]} 7. Bb5 {[%clk 1:07:00]} Bd7 {[%clk 0:53:33]} 8. Be3
{[%clk 0:57:57]} Bd6 {[%clk 0:49:29]} 9. Qh5 {[%clk 0:53:04]} Nf6 {[%clk
0:36:14]} 10. Qg5 {[%clk 0:48:39]} O-O {[%clk 0:26:37]} 11. Bxc6 {[%clk 0:46:38]}
bxc6 {[%clk 0:26:44]} 12. Nf5 {[%clk 0:46:37]} Bxf5 {[%clk 0:26:35]} 13. Qxf5
{[%clk 0:47:00]} Qe7 {[%clk 0:24:58]} 14. Nd2 {[%clk 0:44:39]} Qe6 {[%clk
0:22:34]} 15. Qf3 {[%clk 0:42:35]} Qe5 {[%clk 0:20:14]} 16. Qh3 {[%clk 0:38:32]}
Qxb2 {[%clk 0:18:50]} 17. Qf5 {[%clk 0:35:20]} Qe5 {[%clk 0:17:19]} 18. Qxe5
{[%clk 0:33:42]} Bxe5 {[%clk 0:17:44]} 19. Rab1 {[%clk 0:34:00]} Ng4 {[%clk
0:16:03]} 20. h3 {[%clk 0:33:25]} Nxe3 {[%clk 0:16:12]} 21. fxe3 {[%clk 0:33:50]}
Rfe8 {[%clk 0:13:54]} 22. Rfe1 {[%clk 0:31:57]} Bc3 {[%clk 0:13:02]} 23. Rbd1
{[%clk 0:31:34]} Rab8 {[%clk 0:12:07]} 24. Re2 {[%clk 0:30:55]} Rb2 {[%clk
0:07:42]} 25. Nb1 {[%clk 0:29:14]} Bf6 {[%clk 0:07:38]} 26. a3 {[%clk 0:29:01]}
Reb8 {[%clk 0:07:45]} 27. Nd2 {[%clk 0:26:46]} Rxc2 {[%clk 0:07:55]} 28. e4
{[%clk 0:26:38]} Bg5 {[%clk 0:04:46]} 29. exd5 {[%clk 0:26:37]} g6 {[%clk
0:04:31]} 30. dxc6 {[%clk 0:26:04]} Rd8 {[%clk 0:04:53]} 31. Re5 {[%clk 0:24:56]}
Bxd2 {[%clk 0:04:02]} 0-1

[Event "Greek Team Championship"]
[Site "chess24.com"]
[Date "2017.07.03"]
[Round "1"]
[White "Vitzileou, Fedra"]
[Black "Petraki, Evaggelia"]
[Result "0-1"]
[Board "6"]
[WhiteElo "1271"]
[WhiteCountry "GRE"]
[WhiteFideId "4296575"]
[WhiteEloChange "-2"]
[BlackElo "1939"]
[BlackCountry "GRE"]
[BlackFideId "4252756"]
[BlackEloChange "2"]

1. e4 {[%clk 1:30:47]} d6 {[%clk 1:30:59]} 2. d4 {[%clk 1:31:11]} Nf6 {[%clk
1:31:26]} 3. Nc3 {[%clk 1:31:32]} g6 {[%clk 1:31:53]} 4. Nf3 {[%clk 1:31:51]} Bg7
{[%clk 1:32:18]} 5. Be3 {[%clk 1:32:00]} O-O {[%clk 1:32:42]} 6. Bc4 {[%clk
1:32:18]} c6 {[%clk 1:32:06]} 7. O-O {[%clk 1:31:11]} b5 {[%clk 1:28:30]} 8. Bb3
{[%clk 1:28:56]} b4 {[%clk 1:27:52]} 9. Ne2 {[%clk 1:26:16]} Nxe4 {[%clk
1:27:46]} 10. a3 {[%clk 1:24:04]} bxa3 {[%clk 1:17:38]} 11. Rxa3 {[%clk 1:24:13]}
Bb7 {[%clk 1:16:28]} 12. c3 {[%clk 1:20:25]} Ba6 {[%clk 1:07:59]} 13. Qc2 {[%clk
1:16:09]} d5 {[%clk 1:07:19]} 14. Ne5 {[%clk 1:10:01]} Qc7 {[%clk 1:00:33]} 15.
Nd3 {[%clk 1:06:18]} Bxd3 {[%clk 0:51:49]} 16. Qxd3 {[%clk 1:06:37]} Nd7 {[%clk
0:51:10]} 17. f3 {[%clk 1:01:11]} Nd6 {[%clk 0:48:09]} 18. Qd2 {[%clk 0:54:03]}
Nb6 {[%clk 0:45:50]} 19. Nc1 {[%clk 0:46:54]} Nbc4 {[%clk 0:45:38]} 20. Bxc4
{[%clk 0:46:48]} Nxc4 {[%clk 0:46:02]} 21. Bf4 {[%clk 0:47:08]} Qb6 {[%clk
0:41:52]} 22. Qe2 {[%clk 0:46:25]} Nxa3 {[%clk 0:41:36]} 23. bxa3 {[%clk
0:46:49]} Rfe8 {[%clk 0:38:48]} 24. Nd3 {[%clk 0:46:13]} e5 {[%clk 0:37:12]} 25.
Bg3 {[%clk 0:45:24]} exd4 {[%clk 0:35:31]} 26. Qc2 {[%clk 0:45:33]} dxc3+ {[%clk
0:35:33]} 27. Bf2 {[%clk 0:45:47]} Bd4 {[%clk 0:34:45]} 28. Bxd4 {[%clk 0:46:00]}
Qxd4+ {[%clk 0:35:10]} 29. Kh1 {[%clk 0:46:17]} Re3 {[%clk 0:34:29]} 30. Nb4
{[%clk 0:46:29]} Qd2 {[%clk 0:32:02]} 31. Qb1 {[%clk 0:45:17]} Rae8 {[%clk
0:31:29]} 32. Nc2 {[%clk 0:45:24]} Re2 {[%clk 0:31:26]} 33. Nb4 {[%clk 0:44:26]}
Re1 {[%clk 0:31:01]} 34. Rxe1 {[%clk 0:44:45]} Rxe1+ {[%clk 0:31:24]} 0-1

[Event "Greek Team Championship"]
[Site "chess24.com"]
[Date "2017.07.03"]
[Round "1"]
[White "Petraki, Argiro"]
[Black "Zacharia, Aikaterini-Eirini"]
[Result "1-0"]
[Board "7"]
[WhiteElo "1633"]
[WhiteCountry "GRE"]
[WhiteFideId "4252748"]
[WhiteEloChange "2"]
[BlackElo "1230"]
[BlackCountry "GRE"]
[BlackFideId "25813072"]
[BlackEloChange "-2"]

1. e4 {[%clk 1:30:58]} e5 {[%clk 1:30:55]} 2. Nf3 {[%clk 1:31:24]} Nc6 {[%clk
1:31:17]} 3. d4 {[%clk 1:31:50]} exd4 {[%clk 1:31:35]} 4. Nxd4 {[%clk 1:32:14]}
Bc5 {[%clk 1:31:30]} 5. Nb3 {[%clk 1:32:40]} Bb6 {[%clk 1:31:38]} 6. Nc3 {[%clk
1:33:06]} Nf6 {[%clk 1:31:45]} 7. Qe2 {[%clk 1:33:32]} O-O {[%clk 1:28:30]} 8.
Be3 {[%clk 1:33:55]} Re8 {[%clk 1:21:17]} 9. f3 {[%clk 1:33:16]} d6 {[%clk
1:18:34]} 10. O-O-O {[%clk 1:32:58]} Be6 {[%clk 1:14:36]} 11. g4 {[%clk 1:32:09]}
a5 {[%clk 1:03:16]} 12. Bxb6 {[%clk 1:30:56]} cxb6 {[%clk 1:03:39]} 13. a4 {[%clk
1:31:15]} Bxb3 {[%clk 0:57:48]} 14. cxb3 {[%clk 1:31:39]} h6 {[%clk 0:50:28]} 15.
h4 {[%clk 1:27:21]} h5 {[%clk 0:44:59]} 16. g5 {[%clk 1:21:57]} Nh7 {[%clk
0:42:59]} 17. Nb5 {[%clk 1:21:31]} Re6 {[%clk 0:34:02]} 18. Bh3 {[%clk 1:20:34]}
Rg6 {[%clk 0:32:25]} 19. Bf5 {[%clk 1:20:08]} Nb4 {[%clk 0:26:09]} 20. Bxg6
{[%clk 1:16:38]} Rc8+ {[%clk 0:23:16]} 21. Kb1 {[%clk 1:16:57]} Rc2 {[%clk
0:20:20]} 22. Bxh7+ {[%clk 1:15:18]} Kxh7 {[%clk 0:20:21]} 23. Qxc2 {[%clk
1:14:46]} Nxc2 {[%clk 0:20:27]} 24. Kxc2 {[%clk 1:15:12]} Qc8+ {[%clk 0:19:34]}
25. Kb1 {[%clk 1:15:33]} Qc5 {[%clk 0:19:37]} 26. Nxd6 {[%clk 1:13:07]} Qe3
{[%clk 0:18:16]} 27. Ka2 {[%clk 1:12:38]} Qxf3 {[%clk 0:17:41]} 28. Rdf1 {[%clk
1:12:01]} Qd3 {[%clk 0:14:44]} 29. Rd1 {[%clk 1:04:17]} Qf3 {[%clk 0:14:06]} 30.
Rhf1 {[%clk 1:03:57]} Qe2 {[%clk 0:13:12]} 31. Nxf7 {[%clk 1:03:44]} Qxe4 {[%clk
0:13:18]} 32. g6+ {[%clk 1:03:57]} Qxg6 {[%clk 0:10:19]} 33. Ng5+ {[%clk
1:04:15]} Kh6 {[%clk 0:09:41]} 34. Rd6 {[%clk 1:04:32]} 1-0